| 000 | 00000nam 2200000za 4500 |
| 001 | 9.840649 |
| 003 | CaOODSP |
| 005 | 20230801131756 |
| 007 | cr ||||||||||| |
| 008 | 170728s2017 onc|||||o f|0| 0 fre d |
| 040 | |aCaOODSP|bfre |
| 043 | |an-cn--- |
| 086 | 1 |aPS83-5/R380F-PDF |
| 245 | 00|aQui est maintenu en incarcération après la date de libération d'office?|h[ressource électronique]. |
| 260 | |aOttawa : |bService correctionnel Canada, |c2017. |
| 300 | |a1 p. |
| 490 | 1 |aRecherche en un coup d'oeil ; |vR-380 |
| 500 | |a« Juin 2017. » |
| 500 | |aPublié aussi en anglais sous le titre : Who is detained past statutory release? |
| 520 | |aLes délinquants présentant des risques/besoins élevés et ayant un mauvais comportement en établissement sont les plus susceptibles d'être maintenus en incarcération. |
| 692 | 07|2gccst|aDétenu |
| 692 | 07|2gccst|aEmprisonnement |
| 710 | 2 |aService correctionnel Canada. |bDirection de la recherche. |
| 775 | 08|tWho is detained past statutory release? |w(CaOODSP)9.840648 |
| 830 | #0|aRecherche en un coup d'œil (Service correctionnel Canada)|vR-380|w(CaOODSP)9.503037 |
| 856 | 40|qPDF|s87 Ko|uhttps://publications.gc.ca/collections/collection_2017/scc-csc/PS83-5-R380-fra.pdf |